Szczegóły MARC21

Mieszko Stary i jego wiek oraz Uwagi o pierwotnym ustroju społecznym Polski Piastowskiej /

003 -Nazwa inst., której nr kontr. jest w polu 001 [,]
    • @
    • Nazwa instytucji, której n kontrolny jest w polu 001
    • NUKAT
005 -DATA I CZAS OSTATNIEJ MODYFIKACJI [,]
    • @
    • pole kontrolne
    • 20241231095801.0
040 -Instytucja sporządzająca opis [ , ]
    • a
    • Instytucja, która sporządziła opis (NP)
    • KR 295/map
    • c
    • Instytucja, która sporządziła rekord (NP)
    • KR 295/map
    • d
    • Instytucja, która zmodyfikowała rekord (P)
    • KR 295/DW
    • d
    • Instytucja, która zmodyfikowała rekord (P)
    • KR U/04LUK
    • d
    • Instytucja, która zmodyfikowała rekord (P)
    • KR 119/SWs
    • d
    • Instytucja, która zmodyfikowała rekord (P)
    • WR U/PAdjm
    • d
    • Instytucja, która zmodyfikowała rekord (P)
    • KR 253/AS
942 -Rodzaj dokumentu [ , ]
    • c
    • Rodzaj dokumentu
    • Książka
100 -Hasło główne - nazwa osobowa [1, ]
    • a
    • Nazwa osobowa (NP)
    • Smolka, Stanisław
    • d
    • Daty biograficzne (NP)
    • (1854-1924).
    • 9
    • KHW
    • 70294
245 -Strefa tytułu i oznaczenia odpowiedzialności [1,0]
    • a
    • Tytuł
    • Mieszko Stary i jego wiek oraz Uwagi o pierwotnym ustroju społecznym Polski Piastowskiej / Find
    • c
    • Pozostałe elementy strefy tytułu i oznaczenia odpowiedzialności (NP)
    • Stanisław Smolka ; [do przedruku przygot. i posł. opatrzył Aleksander Gieysztor].
260 -Strefa adresu wydawniczego [ , ]
    • a
    • Miejsce wydania (P)
    • Warszawa :
    • b
    • Nazwa wydawcy (P)
    • Państwowe Wydawnictwo Naukowe,
    • c
    • Data wydania (P)
    • 1959.
300 -Strefa opisu fizycznego [ , ]
    • a
    • Określenie formy książki i/lub objętość (NP)
    • XXXI, [1], 718, [1] s., [1] k. portr., [14] s. fot., [2] k. tabl. złoż., [1] k. mapa złoż. :
    • b
    • Oznaczenie ilustracji (NP)
    • il., err. ;
    • c
    • Format (NP)
    • 22 cm.
336 -Typ zawartości [ , ]
    • a
    • Termin opisujący typ zawartości
    • Tekst
    • b
    • Kod określający zawartość
    • txt
    • 2
    • Źródło (terminu i kodu)
    • rdacontent
337 -Typ mediów [ , ]
    • a
    • Tryb odtwarzania
    • Bez urządzenia pośredniczącego
    • b
    • Kod typu mediów
    • n
    • 2
    • Źródło (terminu i kodu)
    • rdamedia
338 -Typ/rodzaj nośnika [ , ]
    • a
    • Hasło opisujące typ nośnika
    • Wolumin
    • b
    • Kod typu nośnika
    • nc
    • 2
    • Źródło (terminu i kodu)
    • rdacarrier
504 -Uwaga dot. bibliogr. załącznikowej [ , ]
    • a
    • Uwaga dot. bibliografii załącznikowej
    • Bibliogr. s. 661-672. Indeksy.
534 -Uwaga dot. podstawy reprodukcji [ , ]
    • p
    • Określenie wprowadzające
    • Przedr. fotooffsetowy, oryg.:
    • c
    • Adres wydawniczy oryginału
    • Warszawa : nakł. Gebethnera i Wolfa ; Kraków : G. Gebethner i Spółka, 1881.
534 -Uwaga dot. podstawy reprodukcji [ , ]
    • p
    • Określenie wprowadzające
    • Przedr. fotooffsetowy, oryg.:
    • c
    • Adres wydawniczy oryginału
    • Kraków : w Drukarni Uniwersytetu Jagiellońskiego, 1881
    • f
    • Seria, w skład której wchodzi oryginał
    • (Rozprawy Wydziału Historyczno-Filozoficznego Akademii Umiejętności ; t. 14).
080 -Uniwersalna Klasyfikacja Dziesiętna [ , ]
    • a
    • Symbol klasyfikacji
    • 94(438).02
    • 2
    • Identyfikator wydania tablic
    • UDC-P058
    • 9
    • UKD
    • 7014
    • b
    • Dopowiedzenie
    • Historia Polski. Dynastia Piastów i Andegawenów (ok. 960-1386).
    • 4
    • UKD2
    • 12764
    • x
    • Poddział wspólny
    • "11"
    • c
    • Dopowiedzenie poddz. wspólnego
    • Wiek XII.
600 -Hasło przedmiotowe w formie nazwy osobowej [0,7]
    • a
    • Nazwa osobowa
    • Mieszko
    • b
    • Numeracja zwiazana z nazwą
    • III Stary
    • c
    • Dopowiedzenie
    • (książę Polski ;
    • d
    • Daty związane z nazwą
    • około 1125-1202).
    • 2
    • Źródło terminu
    • kaba
    • 9
    • KHW
    • 244411
651 -Hasło przedmiotowe w formie nazwy geograficznej [ ,7]
    • a
    • Nazwa geograficzna
    • Polska
    • y
    • Określnik chronologiczny
    • 12 w.
    • 2
    • Źródło terminu
    • kaba
    • 9
    • KHW
    • 384103
980 -Symbol UKD [ , ]
    • a
    • UKD
    • 94(438).02"11"
700 -Hasło dodatkowe - nazwa osobowa [1,2]
    • a
    • Nazwa osobowa (NP)
    • Smolka, Stanisław Find
    • d
    • Daty biograficzne (NP)
    • (1854-1924).
    • t
    • Tytuł ujednolicony/tytuł (NP)
    • Uwagi o pierwotnym ustroju społecznym Polski piastowskiej Find
    • l
    • Język tekstu (NP)
    • (pol.)
    • 9
    • KHW
    • 70295
700 -Hasło dodatkowe - nazwa osobowa [1, ]
    • a
    • Nazwa osobowa (NP)
    • Gieysztor, Aleksander Find
    • d
    • Daty biograficzne (NP)
    • (1916-1999).
    • e
    • Określenie rodzaju współpracy
    • Oprac.
    • 9
    • KHW
    • 48519
710 -Hasło dodatkowe - nazwa ciała zbiorowego [2, ]
    • a
    • Nazwa ciała zbiorowego lub nazwa geograficzna jako pierwszy element (NP)
    • Państwowe Wydawnictwo Naukowe (1951-1992).
    • 4
    • Kod relacji
    • pbl
    • 9
    • KHW
    • 52048
Data inwentaryzacji Lokalizacja Numer inwentarzowy Sygnatura Uwagi nie widoczne w OPAC Status udost.
 BEE.5804  1
1996-04-09BGW.43688  -3
1996-04-09BGW.43689  -3
1996-04-09BGW.3793  -3
1996-04-09BGW.3794  -3
1996-04-09BGW.3795  -3
1996-04-09BGW.3796  -3
2002-10-18BGD.1081  1
BGW.97888W.3793retrokonwersja-3
1996-04-09BGZ.1483egz.arch. 1
2019-12-11BNSH.33527  1